| 000 | 00509nam a2200157 a 4500 | ||
|---|---|---|---|
| 001 | 000031530 | ||
| 005 | 20240305090859.0 | ||
| 008 | 110627s1941 dr r 000 0 spa d | ||
| 040 |
_aDO-SdBNP _bspa _cBNPHU |
||
| 082 |
_axxxx _bV496e |
||
| 100 | 1 |
_aVerges, Pedro, _d1945- _912149 |
|
| 245 | 1 | 3 |
_aLa epopeya colombina / _cPedro L. Verges Vidal. |
| 260 |
_aCuidad Trujillo, República Dominicana : _bPol Hermanos, _c1941. |
||
| 300 |
_a149 p. ; _c21 cm. |
||
| 586 | _aPrimer premio Juegos Florales Hispanoaméricanos | ||
| 999 |
_c31022 _d31022 |
||